[Event "XXIX Miedzynarodowy Festiwal Szachowy CRACOVIA-2018 Grupa A"]
[Site "Krakow, Hotel Galaxy, ul. Gesia 22a"]
[Date "2018.12.27"]
[Round "1.27"]
[White "Eggink, Mateusz"]
[Black "Naboka, Sergey"]
[Result "0-1"]
[WhiteElo "2138"]
[BlackElo "2324"]
[PlyCount "58"]
[EventDate "2018.??.??"]

1. d4 f5 2. g3 Nf6 3. Bg2 g6 4. c4 Bg7 5. Nc3 d6 6. Bg5 Nc6 7. d5 Ne5 8. Nf3
Nf7 9. Be3 O-O 10. O-O Bd7 11. c5 c6 12. cxd6 exd6 13. Qb3 c5 14. Qxb7 Rb8 15.
Qxa7 Ng4 16. Bd2 Rxb2 17. Rfc1 Qe7 18. Rab1 Bxc3 19. Bxc3 Rxb1 20. Rxb1 Qxe2
21. Rb2 Qd1+ 22. Ne1 Nge5 23. Qb7 Qc1 24. Rc2 Qa3 25. f4 Ba4 26. Qa6 Ng4 27.
Bd2 Re8 28. h3 Qxg3 29. Qxa4 Qf2+ 0-1

[Event "XXIX Miedzynarodowy Festiwal Szachowy CRACOVIA-2018 Grupa A"]
[Site "Krakow, Hotel Galaxy, ul. Gesia 22a"]
[Date "2018.12.27"]
[Round "1.26"]
[White "Licznerski, Lukasz"]
[Black "Rudzinska, Michalina"]
[Result "1/2-1/2"]
[WhiteElo "2326"]
[BlackElo "2141"]
[PlyCount "95"]
[EventDate "2018.??.??"]

1. e4 c5 2. Nf3 e6 3. d4 cxd4 4. Nxd4 a6 5. Bd3 Nc6 6. Nxc6 dxc6 7. Nd2 e5 8.
Nc4 Be6 9. Be3 Nf6 10. Bb6 Qb8 11. O-O Nd7 12. Qh5 Be7 13. a4 O-O 14. a5 Bxc4
15. Bxc4 Nxb6 16. axb6 g6 17. Qh6 Qe8 18. h4 Rd8 19. h5 g5 20. Rad1 Kh8 21. Be2
f6 22. Rxd8 Qxd8 23. Rd1 Qc8 24. Rd3 Rf7 25. Rf3 Qe6 26. b3 Bf8 27. Bc4 Qd6 28.
Qxg5 fxg5 29. Rxf7 Qd1+ 30. Bf1 Bc5 31. h6 Qe1 32. b4 Qxb4 33. Rxb7 Kg8 34.
Rg7+ Kf8 35. b7 Ba7 36. Rxh7 Qb6 37. b8=Q+ Bxb8 38. Bc4 Ba7 39. Rf7+ Kg8 40.
Rb7+ Kh8 41. Rxb6 Bxb6 42. Bxa6 Kh7 43. Kf1 Kxh6 44. Ke2 Kg6 45. Bb7 c5 46. Kd3
Bd8 47. Kc4 Be7 48. Kd5 1/2-1/2

[Event "XXIX Miedzynarodowy Festiwal Szachowy CRACOVIA-2018 Grupa A"]
[Site "Krakow, Hotel Galaxy, ul. Gesia 22a"]
[Date "2018.12.27"]
[Round "1.55"]
[White "Gombocz, Ferenc Jr"]
[Black "Meers, Hubert"]
[Result "1-0"]
[WhiteElo "2263"]
[BlackElo "2009"]
[PlyCount "87"]
[EventDate "2018.??.??"]

1. c4 g6 2. g3 Bg7 3. Bg2 c5 4. Nc3 Nc6 5. a3 b6 6. Nf3 Bb7 7. O-O e6 8. e3
Nge7 9. Rb1 O-O 10. b4 d6 11. Qb3 Qc8 12. Bb2 Ne5 13. Nxe5 Bxg2 14. Kxg2 Bxe5
15. Ne4 f5 16. Bxe5 dxe5 17. Nc3 Qc6+ 18. f3 Rad8 19. Rb2 f4 20. Ne4 Nf5 21.
bxc5 bxc5 22. Qc3 fxe3 23. dxe3 Qa4 24. Re1 Rb8 25. Rxb8 Rxb8 26. Nxc5 Qc6 27.
Qxe5 Rc8 28. Qxe6+ Qxe6 29. Nxe6 Rxc4 30. e4 Rc2+ 31. Kh3 Ne7 32. Re3 Nc6 33.
f4 h6 34. Rd3 Kf7 35. Nd4 Nxd4 36. Rxd4 Rc7 37. e5 g5 38. Kg4 gxf4 39. gxf4 Rc2
40. h4 h5+ 41. Kf5 Rc3 42. e6+ Ke8 43. Kf6 Rxa3 44. e7 1-0

[Event "XXIX Miedzynarodowy Festiwal Szachowy CRACOVIA-2018 Grupa A"]
[Site "Krakow, Hotel Galaxy, ul. Gesia 22a"]
[Date "2018.12.27"]
[Round "1.58"]
[White "Kaczmarska, Joanna"]
[Black "Jaroch, Karol"]
[Result "1-0"]
[WhiteElo "1980"]
[BlackElo "2259"]
[PlyCount "53"]
[EventDate "2018.??.??"]

1. d4 e6 2. c4 Nf6 3. Nc3 Bb4 4. Qc2 b6 5. e4 Bxc3+ 6. bxc3 d6 7. Bd3 e5 8. f3
c5 9. d5 Nh5 10. g4 Nf4 11. Bxf4 exf4 12. h4 Nd7 13. Ne2 Ne5 14. Kf2 b5 15.
Nxf4 Qf6 16. Kg3 bxc4 17. Bxc4 Nxc4 18. Qa4+ Bd7 19. Qxc4 Qe5 20. Qd3 h5 21. g5
f5 22. g6 O-O 23. Rhe1 Be8 24. Qe3 Bxg6 25. Kg2 Bf7 26. Ne6 Bxe6 27. f4 {Zapis
nieczytelny} 1-0

[Event "XXIX Miedzynarodowy Festiwal Szachowy CRACOVIA-2018 Grupa A"]
[Site "Krakow, Hotel Galaxy, ul. Gesia 22a"]
[Date "2018.12.27"]
[Round "1.29"]
[White "Milikow, Yoav"]
[Black "Vojtek, Vladimir"]
[Result "0-1"]
[WhiteElo "2130"]
[BlackElo "2313"]
[PlyCount "92"]
[EventDate "2018.??.??"]

1. d4 e6 2. c4 f5 3. Nc3 Nf6 4. g3 c6 5. Bg2 d5 6. b3 Bb4 7. Bb2 Qa5 8. Qc2 Ne4
9. Rc1 c5 10. e3 cxd4 11. exd4 Nc6 12. Nge2 O-O 13. O-O Be7 14. cxd5 exd5 15.
a3 Be6 16. Rfd1 Bg5 17. b4 Qd8 18. f4 Bf6 19. Qb3 Bf7 20. Nxe4 fxe4 21. Bh3 Qb6
22. Rc5 Rfd8 23. Qc3 a6 24. Nc1 Na7 25. Qe3 Nb5 26. Nb3 Nd6 27. Na5 Re8 28.
Rdc1 Rad8 29. g4 g6 30. Bf1 Bg7 31. Be2 Rd7 32. Bd1 Rf8 33. Bb3 Kh8 34. Rf1 Qd8
35. Rc2 Rc7 36. Rxc7 Qxc7 37. f5 gxf5 38. gxf5 Rg8 39. Kh1 Bf6 40. Qf4 Qd7 41.
Qe5 Ne8 42. Qb8 Nd6 43. Qa7 Bh5 44. Bxd5 Qg7 45. Bxg8 Bf3+ 46. Rxf3 exf3 0-1

[Event "XXIX Miedzynarodowy Festiwal Szachowy CRACOVIA-2018 Grupa A"]
[Site "Krakow, Hotel Galaxy, ul. Gesia 22a"]
[Date "2018.12.27"]
[Round "1.43"]
[White "Cholleti, Sahajasri"]
[Black "Dzierzak, Radoslaw"]
[Result "1-0"]
[WhiteElo "2069"]
[BlackElo "2283"]
[PlyCount "49"]
[EventDate "2018.12.27"]

1. Nf3 Nf6 2. c4 e6 3. g3 d5 4. d4 Be7 5. Bg2 O-O 6. O-O dxc4 7. Qc2 a6 8. a4
Bd7 9. Qxc4 Bc6 10. Bf4 Bd6 11. Qc1 Nbd7 12. Re1 Nb6 13. Nc3 Bb4 14. Qc2 Bxc3
15. bxc3 Be4 16. Qc1 Nfd5 17. Ne5 Bxg2 18. Kxg2 f6 19. Nd3 Nc4 20. e4 Nxf4+ 21.
Nxf4 Qd7 22. Qd1 b5 23. d5 e5 24. Nd3 Nb2 25. Nxb2 1-0

[Event "XXIX Miedzynarodowy Festiwal Szachowy CRACOVIA-2018 Grupa A"]
[Site "Krakow, Hotel Galaxy, ul. Gesia 22a"]
[Date "2018.12.27"]
[Round "1.28"]
[White "Godzwon, Iwo"]
[Black "Luba, Lukasz"]
[Result "0-1"]
[WhiteElo "2323"]
[BlackElo "2135"]
[PlyCount "120"]
[EventDate "2018.??.??"]

1. e4 e6 2. d4 d5 3. Nd2 dxe4 4. Nxe4 Nf6 5. Nxf6+ gxf6 6. Nf3 Bd7 7. Be2 Nc6
8. O-O Ne7 9. c4 c6 10. Be3 Ng6 11. d5 e5 12. Qd2 c5 13. Ne1 Bd6 14. b4 b6 15.
bxc5 bxc5 16. Nd3 Qc7 17. f4 e4 18. Nc1 Rg8 19. Nb3 Nh4 20. g3 a5 21. Qc2 Kf8
22. Qc3 Nf5 23. Kf2 Rg6 24. Rab1 Kg8 25. Nd2 Re8 26. Qb3 Qd8 27. Qb6 Qe7 28.
Qxa5 Qf8 29. Rh1 Qg7 30. Nf1 Qf8 31. Qa7 Bc8 32. a4 Nd4 33. Bd1 Bh3 34. Qa5
Bxf1 35. Rxf1 Qh6 36. Rh1 Qh3 37. Qe1 Nf5 38. Qg1 h5 39. Rb3 Nd4 40. Rb6 Bc7
41. Rb2 Ba5 42. Qg2 Qf5 43. h3 Rg7 44. Be2 Qd7 45. Rhb1 Nxe2 46. Rxe2 Qxa4 47.
Rb5 Bb4 48. Rb6 f5 49. Qf1 Qb3 50. Qc1 Be1+ 51. Rxe1 Qxb6 52. Qa3 Qg6 53. Bxc5
h4 54. Re3 Kh7 55. d6 Qh6 56. Kg2 Qxf4 57. d7 Reg8 58. Bd6 Rxg3+ 59. Rxg3 Qd2+
60. Kf1 hxg3 0-1

[Event "XXIX Miedzynarodowy Festiwal Szachowy CRACOVIA-2018 Grupa A"]
[Site "Krakow, Hotel Galaxy, ul. Gesia 22a"]
[Date "2018.??.27"]
[Round "1.30"]
[White "Dietmayer-kraeutler, Marco"]
[Black "Martynyuk, Elizaveta"]
[Result "1/2-1/2"]
[WhiteElo "2311"]
[BlackElo "2128"]
[Annotator "Leszek"]
[PlyCount "79"]
[EventDate "2018.??.??"]

1. d4 d5 2. c4 c6 3. Nc3 Nf6 4. Nf3 dxc4 5. a4 e6 6. e3 c5 7. Bxc4 Nc6 8. d5
exd5 9. Nxd5 Be6 10. Nxf6+ Qxf6 11. Bb5 Rd8 12. Bxc6+ bxc6 13. Qe2 Be7 14. O-O
O-O 15. e4 h6 16. Be3 Bg4 17. Rac1 Bxf3 18. Qxf3 Qxb2 19. Qg4 Qe5 20. Rc4 h5
21. Qe2 h4 22. Rfc1 Rfe8 23. f4 Qe6 24. h3 Qg6 25. Qg4 Qxg4 26. hxg4 Rd3 27.
Kf2 g5 28. f5 Bf6 29. Bxc5 Rg3 30. Bxa7 Rxg4 31. Re1 Rf4+ 32. Kg1 Rxf5 33. Rxc6
Bd8 34. exf5 Rxe1+ 35. Kf2 Re5 36. Rc8 Rxf5+ 37. Kg1 Kh7 38. Rxd8 Kg6 39. Rd6+
Kh5 40. Be3 {Zapis nieczytelny} 1/2-1/2

[Event "XXIX Miedzynarodowy Festiwal Szachowy CRACOVIA-2018 Grupa A"]
[Site "Krakow, Hotel Galaxy, ul. Gesia 22a"]
[Date "2018.12.27"]
[Round "1.31"]
[White "Sanz Wawer, Daniel"]
[Black "Zakrzewski, Marek"]
[Result "1/2-1/2"]
[WhiteElo "2127"]
[BlackElo "2311"]
[Annotator "Leszek"]
[PlyCount "131"]
[EventDate "2018.??.??"]

1. d4 Nf6 2. c4 e6 3. Nc3 Bb4 4. Qc2 O-O 5. a3 Bxc3+ 6. Qxc3 d5 7. Bg5 dxc4 8.
Qxc4 b6 9. Nf3 Ba6 10. Qa4 Qd7 11. Qc2 Rc8 12. Bxf6 gxf6 13. Qd2 c5 14. dxc5
Rxc5 15. Qxd7 Nxd7 16. Rd1 Ne5 17. Nxe5 fxe5 18. e3 Bxf1 19. Rxf1 Rac8 20. Ke2
Kg7 21. Rd3 e4 22. Rd4 Rg5 23. g3 Rh5 24. h4 Rc2+ 25. Rd2 Rhc5 26. Rfd1 Kg6 27.
Kf1 a5 28. Kg2 b5 29. g4 b4 30. axb4 axb4 31. Rxc2 Rxc2 32. Rd4 Rxb2 33. Rxe4
Kf6 34. Rc4 b3 35. Rb4 Rb1 36. Kf3 Ke5 37. Rb5+ Kd6 38. Kf4 h6 39. Ke4 f6 40.
f4 b2 41. h5 Kc6 42. Rb8 Kc7 43. Rb3 Kd6 44. Rb7 Kc5 45. g5 hxg5 46. fxg5 fxg5
47. h6 Rh1 48. Rxb2 Rxh6 49. Rd2 Rf6 50. Ke5 Rg6 51. Ke4 g4 52. Kf4 g3 53. Rg2
$11 Kc4 54. e4 Rf6+ 55. Ke3 Rg6 56. Kf4 Kd3 57. e5 Kd4 58. Rd2+ Kc4 59. Rg2 Kd5
60. Rd2+ Kc4 61. Rg2 Kd3 62. Rxg3+ Rxg3 63. Kxg3 Ke3 64. Kg2 Ke4 65. Kf2 Kxe5
66. Ke3 1/2-1/2

[Event "XXIX Miedzynarodowy Festiwal Szachowy CRACOVIA-2018 Grupa A"]
[Site "Krakow, Hotel Galaxy, ul. Gesia 22a"]
[Date "2018.12.27"]
[Round "1.34"]
[White "Zylka, Stanislaw"]
[Black "Zaleski, Lukasz"]
[Result "0-1"]
[WhiteElo "2305"]
[BlackElo "2116"]
[PlyCount "100"]
[EventDate "2018.??.??"]

1. d4 Nf6 2. c4 e6 3. Nf3 c5 4. g3 cxd4 5. Nxd4 d5 6. Bg2 e5 7. Nc2 d4 8. O-O
Nc6 9. f4 e4 10. f5 Bc5 11. b4 Bxb4 12. Nxb4 Nxb4 13. Qa4+ Nc6 14. Ba3 d3 15.
e3 Bd7 16. Qb5 Qb6 17. Nc3 Qxe3+ 18. Kh1 d2 19. Qb2 Qd4 20. Rab1 b6 21. Qc2 Ne5
22. Bb2 Qxc4 23. Qxd2 O-O 24. Nxe4 Nxe4 25. Qf4 Nd3 26. Qxe4 Nxb2 27. Rxb2 Rac8
28. Qb1 Bc6 29. f6 gxf6 30. Rxf6 Bxg2+ 31. Kxg2 Qd5+ 32. Kh3 Qh5+ 33. Kg2 Qd5+
34. Kh3 Rfe8 35. Rbf2 Qh5+ 36. Kg2 Qd5+ 37. Kh3 Re5 38. R6f4 Rh5+ 39. Kg4 Rg5+
40. Kh3 Rh5+ 41. Kg4 Rc3 42. Rf5 Rxf5 43. Rxf5 Qe6 44. Kh4 Qh6+ 45. Rh5 Rc4+
46. g4 Qf6+ 47. Rg5+ Kf8 48. Qh1 Rc6 49. Kg3 Rc3+ 50. Kh4 Qf2+ 0-1

[Event "XXIX Miedzynarodowy Festiwal Szachowy CRACOVIA-2018 Grupa A"]
[Site "Krakow, Hotel Galaxy, ul. Gesia 22a"]
[Date "2018.12.27"]
[Round "1.35"]
[White "Parol, Pola"]
[Black "Nowicki, Bartosz"]
[Result "0-1"]
[WhiteElo "2114"]
[BlackElo "2305"]
[Annotator "Leszek"]
[PlyCount "66"]
[EventDate "2018.??.??"]

1. e4 c5 2. Nf3 d6 3. d4 cxd4 4. Nxd4 Nf6 5. Nc3 Nc6 6. Bg5 e6 7. Qd2 a6 8.
Nxc6 bxc6 9. O-O-O h6 10. Bh4 Qa5 11. Bc4 Be7 12. Bxf6 gxf6 13. f4 f5 14. Qd4
Rg8 15. Rhe1 fxe4 16. Qxe4 d5 17. Qh7 Rf8 18. Bb3 Bb4 19. Re3 Bd7 20. Kb1 O-O-O
21. Ne2 Qb6 22. Rg3 Bd6 23. c4 Kb7 24. cxd5 cxd5 25. Qxh6 Qf2 26. Qh5 Ka7 27.
Qf3 Qxf3 28. Rxf3 Rh8 29. h3 Rh4 30. f5 Kb6 31. fxe6 fxe6 32. Rf6 Be5 33. Rg6
Kc5 {Zapis nieczytelny} 0-1

[Event "XXIX Miedzynarodowy Festiwal Szachowy CRACOVIA-2018 Grupa A"]
[Site "Krakow, Hotel Galaxy, ul. Gesia 22a"]
[Date "2018.12.27"]
[Round "1.36"]
[White "Baum, Jonasz"]
[Black "Englert, Jan"]
[Result "1-0"]
[Annotator "Leszek"]
[PlyCount "45"]
[EventDate "2018.??.??"]

{[WhiteElo "2302"] [BlackElo "2106"]} 1. d4 d6 2. c4 e5 3. g3 exd4 4. Nf3 Nf6
5. Nxd4 d5 6. Bg2 c6 7. O-O dxc4 8. e3 Be7 9. Qc2 O-O 10. Rd1 Qa5 11. Nd2 Qh5
12. Nxc4 Na6 13. Bd2 c5 14. Nf3 Bf5 15. Qb3 Be4 16. Nfe5 Bxg2 17. Kxg2 b6 18.
Bc3 Qf5 19. f3 Rac8 20. Nd6 Bxd6 21. Rxd6 Ne8 22. Rd7 c4 23. Qxc4 {Zapis
nieczytelny} 1-0

[Event "XXIX Miedzynarodowy Festiwal Szachowy CRACOVIA-2018 Grupa A"]
[Site "Krakow, Hotel Galaxy, ul. Gesia 22a"]
[Date "2018.12.27"]
[Round "1.39"]
[White "Milikow, Elie"]
[Black "Chomczyk, Marek"]
[Result "1/2-1/2"]
[Annotator "Leszek"]
[PlyCount "86"]
[EventDate "2018.??.??"]

{[BlackTitle "k++"] [WhiteElo "2083"] [BlackElo "2294"]} 1. e4 e5 2. Nf3 Nc6 3.
Bc4 Bc5 4. c3 Nf6 5. d3 d6 6. O-O a6 7. a4 Ba7 8. Na3 h6 9. Nc2 O-O 10. Be3 d5
11. exd5 Nxd5 12. Bxa7 Rxa7 13. Re1 Nf4 14. d4 Bg4 15. d5 Ne7 16. Rxe5 Neg6 17.
Re4 Qf6 18. Ne3 Nh3+ 19. Kf1 Bxf3 20. Qxf3 Qxf3 21. gxf3 Ng5 22. Rg4 Nxf3 23.
Kg2 Nfe5 24. Rd4 c5 25. dxc6 bxc6 26. Ng4 Rb8 27. Nxe5 Nxe5 28. Re1 c5 29. Rde4
Nxc4 30. Rxc4 Rxb2 31. Rxc5 $11 Rd7 32. Re8+ Kh7 33. Ra8 Rd6 34. Rf5 Rg6+ 35.
Kf3 Rb7 36. Rc8 Rd6 37. c4 Rd4 38. Rc6 f6 39. Rxa6 Rxc4 40. Rb5 Rxa4 41. Rxb7
Rxa6 42. Rb5 Ra4 43. Rb7 h5 1/2-1/2

[Event "XXIX Miedzynarodowy Festiwal Szachowy CRACOVIA-2018 Grupa A"]
[Site "Krakow, Hotel Galaxy, ul. Gesia 22a"]
[Date "2018.12.27"]
[Round "1.40"]
[White "Roshka, Yevgeniy"]
[Black "Patil, Mitali"]
[Result "1-0"]
[WhiteElo "2293"]
[BlackElo "2081"]
[Annotator "Leszek"]
[PlyCount "59"]
[EventDate "2018.??.??"]

1. e4 d5 2. exd5 Nf6 3. d4 Bg4 4. f3 Bf5 5. g4 Bg6 6. c4 e6 7. Nc3 exd5 8. g5
Nfd7 9. Nxd5 Nc6 10. Bf4 Bd6 11. Bxd6 cxd6 12. Qe2+ Kf8 13. Qd2 h6 14. O-O-O
Qxg5 15. Nh3 Qf5 16. Qc3 Qb1+ 17. Kd2 Qxa2 18. Nhf4 Qa5 19. Nxg6+ fxg6 20. Qxa5
Nxa5 21. Bd3 Kf7 $11 22. Rde1 Rhe8 23. h4 Nf8 24. Nc3 Rxe1 25. Rxe1 Re8 26. Rg1
Rc8 27. b4 Nc6 28. b5 Nd8 29. Ra1 Nfe6 30. Bxg6+ {Zapis nieczytelny} 1-0

[Event "XXIX Miedzynarodowy Festiwal Szachowy CRACOVIA-2018 Grupa A"]
[Site "Krakow, Hotel Galaxy, ul. Gesia 22a"]
[Date "2018.12.27"]
[Round "1.41"]
[White "Om, Kharola"]
[Black "Reza, Wojciech"]
[Result "1/2-1/2"]
[Annotator "Leszek"]
[PlyCount "107"]
[EventDate "2018.??.??"]

{[BlackTitle "FM"] [WhiteElo "2080"] [BlackElo "2287"]} 1. e4 c5 2. Nf3 e6 3.
g3 Nc6 4. Bg2 Nf6 5. Qe2 e5 6. c3 Be7 7. O-O O-O 8. Rd1 d5 9. exd5 Qxd5 10. d3
Rd8 11. Ng5 Qd6 12. Na3 Bg4 13. f3 Bf5 14. Ne4 Qc7 15. Be3 b6 16. f4 Nd5 17.
Rf1 Qd7 18. Nc4 exf4 19. Bxf4 Nxf4 20. Rxf4 Be6 21. Nf2 Rac8 22. Ng4 Bg5 23.
Nge5 Nxe5 24. Nxe5 Qd6 25. Rff1 Re8 26. Rfe1 f6 27. Nf3 Bf7 28. Qf1 Be3+ 29.
Kh1 Rcd8 30. d4 cxd4 31. cxd4 Qb4 32. Qd3 Bc4 33. Qc3 Qxc3 34. bxc3 Bh6 35. Kg1
Be3+ 36. Kh1 g6 37. a4 Rc8 38. Bh3 Bd5 39. Rxe3 Rxe3 40. Bxc8 Rxf3 41. Kg1 Rxc3
42. Ba6 Rc2 43. Bf1 Rd2 44. a5 Rxd4 45. axb6 axb6 46. Rb1 Rd2 47. Rxb6 Kf7 48.
Rb4 f5 49. Bc4 Bxc4 50. Rxc4 Kf6 51. h4 Ke5 52. Kf1 Rd4 53. Rc7 Ke4 54. Kf2
1/2-1/2

[Event "XXIX Miedzynarodowy Festiwal Szachowy CRACOVIA-2018 Grupa A"]
[Site "Krakow, Hotel Galaxy, ul. Gesia 22a"]
[Date "2018.12.27"]
[Round "1.44"]
[White "Ojas, Kulkarni"]
[Black "Golecki, Jan"]
[Result "1-0"]
[Annotator "Leszek"]
[PlyCount "75"]
[EventDate "2018.??.??"]

{[BlackTitle "I++"] [WhiteElo "2282"] [BlackElo "2064"]} 1. c4 e6 2. g3 d5 3.
Nf3 dxc4 4. Bg2 a6 5. O-O Nf6 6. Qc2 Be7 7. Qxc4 b5 8. Qc2 Bb7 9. a4 Nc6 10.
Nc3 b4 11. Nd1 O-O 12. Ne3 Nd5 13. d3 Bf6 14. a5 Qd7 15. Nc4 Nde7 16. Be3 Nf5
17. Bc5 Rfb8 18. Qa4 Qd5 19. Be3 Qb5 20. Qd1 Nd6 21. Nfd2 Nxc4 22. Nxc4 Ne5 23.
Bxb7 Rxb7 24. Nxe5 Qxe5 25. d4 Qh5 26. Qd3 Rb5 27. Rac1 Rd8 28. Rxc7 Rxa5 29.
Qc4 Qh3 30. Rc5 Rxc5 31. dxc5 Qf5 32. Qxb4 Qd5 33. Qb6 h6 34. Rc1 Rc8 35. Qxa6
Rc6 36. Qa3 h5 37. b4 h4 38. Qd3 1-0

[Event "XXIX Miedzynarodowy Festiwal Szachowy CRACOVIA-2018 Grupa A"]
[Site "Krakow, Hotel Galaxy, ul. Gesia 22a"]
[Date "2018.12.27"]
[Round "1.46"]
[White "Kyc, Jerzy"]
[Black "Hristodoulaki, Antonia"]
[Result "1-0"]
[Annotator "Leszek"]
[PlyCount "89"]
[EventDate "2018.??.??"]

{[WhiteElo "2280"] [BlackElo "2048"]} 1. e4 e6 2. d4 d5 3. Nd2 c5 4. Ngf3 cxd4
5. exd5 Qxd5 6. Bc4 Qd8 7. Nb3 Qc7 8. Bb5+ Bd7 9. Bxd7+ Nxd7 10. Nbxd4 Ngf6 11.
O-O Bc5 12. Qe2 O-O 13. Bg5 Rfe8 14. Nb3 Bb6 15. a4 a6 16. a5 Ba7 17. Ra4 Rac8
18. c3 e5 19. Rd1 Qc6 20. Rh4 Qe6 21. Bxf6 Nxf6 22. Nbd2 h6 23. Rb4 Rc7 24. Rc4
Rd7 25. Re1 Bb8 26. Nb3 e4 27. Nfd4 Qe5 28. g3 Ba7 29. Ra4 Qd5 30. Raa1 Rde7
31. c4 Qg5 32. Kg2 Nd7 33. Rad1 f5 34. Qe3 Qf6 35. Qf4 Rf8 36. f3 g5 37. Qd2
exf3+ 38. Nxf3 Rxe1 39. Rxe1 g4 40. Qd5+ Rf7 41. Nfd4 f4 42. Re6 f3+ 43. Kf1
Qg5 44. Re8+ Nf8 45. Rxf8+ 1-0

[Event "XXIX Miedzynarodowy Festiwal Szachowy CRACOVIA-2018 Grupa A"]
[Site "Krakow, Hotel Galaxy, ul. Gesia 22a"]
[Date "2018.12.27"]
[Round "1.47"]
[White "Chyzy, Jakub"]
[Black "Czerw, Dawid"]
[Result "1/2-1/2"]
[WhiteElo "2045"]
[BlackElo "2275"]
[Annotator "Leszek"]
[PlyCount "73"]
[EventDate "2018.??.??"]

1. e4 c5 2. Nf3 Nc6 3. d4 cxd4 4. Nxd4 g6 5. Nc3 Bg7 6. Be3 Nf6 7. Nxc6 bxc6 8.
e5 Ng8 9. f4 Nh6 10. Qd2 O-O 11. O-O-O d6 12. exd6 exd6 13. Bd4 Bxd4 14. Qxd4
Nf5 15. Qd2 Rb8 16. g4 Qb6 17. Na4 Qb4 18. Qxb4 Rxb4 19. gxf5 Rxa4 20. fxg6
hxg6 21. Rxd6 Rxf4 22. Bg2 c5 23. Rf1 Rh4 24. Bd5 Bf5 25. Rf2 Re8 26. b3 Rc8
27. Kb2 Kg7 $11 28. c4 Rch8 29. Ra6 Rxh2 30. Rxh2 Rxh2+ 31. Kc1 g5 32. Rxa7 Bg6
33. a4 g4 34. Re7 g3 35. Re3 g2 36. Re1 Bc2 37. Rg1 $11 1/2-1/2

[Event "XXIX Miedzynarodowy Festiwal Szachowy CRACOVIA-2018 Grupa A"]
[Site "Krakow, Hotel Galaxy, ul. Gesia 22a"]
[Date "2018.12.27"]
[Round "1.48"]
[White "Miroshnichenko, Pavel"]
[Black "Shyam, Prasad Reddy K"]
[Result "1-0"]
[Annotator "Leszek"]
[PlyCount "95"]
[EventDate "2018.??.??"]

{[WhiteElo "2275"] [BlackElo "2030"]} 1. e4 e5 2. Nf3 Nc6 3. Nc3 Nf6 4. g3 Bb4
5. Bg2 O-O 6. O-O d6 7. d3 h6 8. a3 Bxc3 9. bxc3 Be6 10. c4 Qd7 11. Rb1 b6 12.
Nh4 Bh3 13. f4 exf4 14. Rxf4 Bxg2 15. Kxg2 Qe6 16. Nf5 Ne5 17. Bb2 Kh7 18. Qe2
Rae8 19. Rbf1 Nfd7 20. Qd2 c6 21. Qc3 d5 22. cxd5 cxd5 23. Nd4 Qg6 24. exd5 Ng4
25. Bc1 Qh5 26. h3 Qxd5+ 27. Kg1 Ne3 28. R1f3 g5 29. Re4 Nd1 30. Qd2 Nc5 31.
Qxd1 Nxe4 32. dxe4 Rxe4 33. Be3 Rd8 34. Qd3 Kg8 35. c3 Rde8 36. Bf2 Qd7 37. Kg2
R4e5 38. Qc4 Rc5 39. Qb3 Re7 40. Qc2 Rce5 41. Qd3 h5 42. Nf5 g4 43. hxg4 hxg4
44. Nxe7+ Qxe7 45. Re3 Qb7+ 46. Kg1 Rh5 47. Re8+ Kg7 48. Qd4+ 1-0

[Event "XXIX Miedzynarodowy Festiwal Szachowy CRACOVIA-2018 Grupa A"]
[Site "Krakow, Hotel Galaxy, ul. Gesia 22a"]
[Date "2018.12.27"]
[Round "1.49"]
[White "Dwilewicz, Katarzyna"]
[Black "Marczuk, Dominik"]
[Result "0-1"]
[WhiteElo "2027"]
[BlackElo "2274"]
[PlyCount "60"]
[EventDate "2018.??.??"]

1. e4 c5 2. Nf3 d6 3. d4 cxd4 4. Nxd4 Nf6 5. Nc3 a6 6. Be2 e5 7. Nf3 Be7 8. Bg5
Nbd7 9. a4 Qc7 10. a5 h6 11. Bh4 g5 12. Bg3 Nc5 13. Nd2 h5 14. f3 h4 15. Bf2
Be6 16. O-O Rc8 17. Ra3 Kf8 18. Be3 Rg8 19. Nc4 Bxc4 20. Bxc4 Ncxe4 21. fxe4
Qxc4 22. Rxf6 Bxf6 23. Nd5 Qxc2 24. Qxc2 Rxc2 25. Nxf6 Rg6 26. Bxg5 Kg7 27.
Nh5+ Kg8 28. Nf6+ Kh8 29. Bxh4 Rgxg2+ 30. Kf1 Rxh2 0-1

[Event "XXIX Miedzynarodowy Festiwal Szachowy CRACOVIA-2018 Grupa A"]
[Site "Krakow, Hotel Galaxy, ul. Gesia 22a"]
[Date "2018.12.27"]
[Round "1.50"]
[White "Goluch, Piotr"]
[Black "Radovic, Stefan"]
[Result "1-0"]
[Annotator "Leszek"]
[PlyCount "113"]
[EventDate "2018.??.??"]

{[WhiteElo "2273"] [BlackElo "2019"]} 1. d4 d5 2. c4 e6 3. Nf3 Nf6 4. g3 Bb4+
5. Nbd2 O-O 6. Bg2 Nbd7 7. O-O b6 8. a3 Be7 9. b4 a5 10. b5 Bb7 11. cxd5 exd5
12. Ne5 Nxe5 13. dxe5 Nd7 14. Nf3 Nc5 15. Nd4 Re8 16. Nc6 Bxc6 17. bxc6 d4 18.
Bb2 d3 19. Rc1 dxe2 20. Qxe2 Qd3 21. Qg4 Qg6 22. Qc4 Nd3 23. Rc2 Nxb2 24. Rxb2
Rad8 25. Bd5 Bxa3 26. Rc2 Re7 27. f4 Bc5+ 28. Kg2 Kh8 29. f5 Qh5 30. Rf3 f6 31.
g4 Qe8 32. e6 Rd6 33. Rd3 Qf8 34. Rcd2 Re8 35. h4 Ra8 36. Ra2 Qd8 37. Kh3 Qe7
38. Kg2 Rdd8 39. Kf3 Bb4 40. Qe4 Bc5 41. Qc4 Bb4 42. Qe4 Qc5 43. g5 Qe7 44. Kg4
Rab8 45. h5 h6 46. Rf2 b5 47. Kh3 Bc5 48. Rf1 a4 49. gxh6 gxh6 50. Rg3 Rg8 51.
Rg6 Rxg6 52. hxg6 Kg7 53. Kg4 b4 54. Rh1 b3 55. Rxh6 Kxh6 56. Qh1+ Kg7 57. Qh7+
1-0

[Event "XXIX Miedzynarodowy Festiwal Szachowy CRACOVIA-2018 Grupa A"]
[Site "Krakow, Hotel Galaxy, ul. Gesia 22a"]
[Date "2018.12.27"]
[Round "1.57"]
[White "Mis, Mieszko"]
[Black "Rasmussen, Jonas H"]
[Result "1-0"]
[WhiteElo "2260"]
[BlackElo "1982"]
[PlyCount "47"]
[EventDate "2018.??.??"]

1. d4 d5 2. c4 c6 3. Nf3 Nf6 4. e3 a6 5. Nbd2 Bf5 6. Nh4 Bg4 7. Qb3 Qc7 8. h3
Bc8 9. Bd3 e6 10. e4 dxe4 11. Nxe4 Be7 12. Nf3 Nxe4 13. Bxe4 Nd7 14. O-O O-O
15. Bc2 Nf6 16. Qd3 c5 17. Bg5 g6 18. Rfe1 Rd8 19. Rad1 cxd4 20. Nxd4 Nh5 21.
Bxe7 Qxe7 22. Nf5 Qd7 23. Nh6+ Kf8 24. Qa3+ 1-0

[Event "XXIX Miedzynarodowy Festiwal Szachowy CRACOVIA-2018 Grupa A"]
[Site "Krakow, Hotel Galaxy, ul. Gesia 22a"]
[Date "2018.12.27"]
[Round "1.38"]
[White "Lee, Qing Aun"]
[Black "Pawlowski, Bartosz"]
[Result "1-0"]
[WhiteElo "2297"]
[BlackElo "2101"]
[PlyCount "79"]
[EventDate "2018.??.??"]

1. e4 c6 2. d4 d5 3. exd5 cxd5 4. c4 Nf6 5. Nc3 Nc6 6. Bg5 dxc4 7. d5 Ne5 8.
Qd4 Nd3+ 9. Bxd3 cxd3 10. Nf3 Bd7 11. O-O Qb6 12. Qxd3 h6 13. Bf4 g5 14. Be5
Bg7 15. d6 e6 16. Ne4 Qd8 17. Qd4 Nxe4 18. Bxg7 Rh7 19. Qxe4 Rxg7 20. Qxb7 a5
21. Rfe1 Rb8 22. Qe4 f6 23. b3 e5 24. Rac1 Kf8 25. Rc7 g4 26. Nh4 Rb4 27. Qe3
Rg5 28. Qa7 Be6 29. Qxa5 Rb8 30. Qc5 e4 31. Qd4 Bf7 32. Rxe4 Rc8 33. Rxc8 Qxc8
34. Re1 Re5 35. Rf1 Qd7 36. f3 Rd5 37. Qxf6 Qa7+ 38. Kh1 Qf2 39. Ng6+ Kg8 40.
Qh8# 1-0

[Event "XXIX Miedzynarodowy Festiwal Szachowy CRACOVIA-2018 Grupa A"]
[Site "Krakow, Hotel Galaxy, ul. Gesia 22a"]
[Date "2018.12.27"]
[Round "1.25"]
[White "Dmochowska, Agnieszka"]
[Black "Heinzel, Olaf"]
[Result "1/2-1/2"]
[WhiteElo "2151"]
[BlackElo "2326"]
[PlyCount "45"]
[EventDate "2018.??.??"]

1. e4 d5 2. exd5 Qxd5 3. Nc3 Qd6 4. d4 Nf6 5. Nf3 c6 6. a4 Bg4 7. Bd3 e6 8. h3
Bxf3 9. Qxf3 Nbd7 10. Be3 Be7 11. O-O O-O 12. Rad1 Qc7 13. Ne4 Nxe4 14. Qxe4 g6
15. Bh6 Rfd8 16. Qf3 Nb6 17. b3 Bf8 18. Bxf8 Rxf8 19. h4 Rad8 20. c3 Qe7 21. g3
Kg7 22. Kg2 Qf6 23. Qxf6+ 1/2-1/2

[Event "XXIX Miedzynarodowy Festiwal Szachowy CRACOVIA-2018 Grupa A"]
[Site "Krakow, Hotel Galaxy, ul. Gesia 22a"]
[Date "2018.12.27"]
[Round "1.32"]
[White "Grela, Kacper"]
[Black "Lis, Mateusz"]
[Result "1-0"]
[WhiteElo "2305"]
[BlackElo "2123"]
[PlyCount "53"]
[EventDate "2018.??.??"]

1. d4 d5 2. c4 e6 3. Nc3 Nf6 4. Nf3 Bb4 5. Bg5 Nbd7 6. e3 c5 7. cxd5 exd5 8.
Bd3 c4 9. Bc2 Qa5 10. O-O O-O 11. Ne5 h6 12. Nxd7 Nxd7 13. Qh5 Bxc3 14. bxc3
Qa6 15. Bh4 Qd6 16. f3 Nb6 17. a4 Be6 18. e4 Rae8 19. e5 Qc6 20. f4 Bd7 21. f5
f6 22. exf6 Rxf6 23. a5 Nc8 24. Ba4 Qd6 25. Bxd7 Qxd7 26. Bxf6 gxf6 27. Qg6+
1-0